00311nam a2200109Ia 4500008004100000020001500041040002900056050002500085100002000110245003200130260003900162221021s9999||||xx |||||||||||||| ||und|| a039587453X cChuka University Library aHB 172.5b .T39 1998 aTaylor, John B. 0aPrinciple of macroeconomics aBostonbHoughton Nifflin co.c1998